Classement perpétuel de la Jupiler Pro League - Statistiques

Statistiques générales
  • Ce quiz a été pris 308 fois
  • Le résultat moyen est 17 sur 35
Statistiques - réponses
# Saisons Points Clubs % Correct
1 25 1622 RSC Anderlecht
99%
3 25 1350 Standard de Liège
94%
4 25 1345 KRC Genk
89%
2 25 1607 Club Brugge
86%
6 24 1004 RSC Charleroi
85%
12 18 682 Cercle Brugge
81%
23 3 222 Union Saint-Gilloise
81%
16 11 522 Royal Antwerp FC
80%
10 19 745 KV Mechelen
70%
15 16 615 KV Kortrijk
62%
19 11 400 KV Oostende
59%
14 16 653 Germinal Beerschot/Beerschot AC/Beerschot VA
56%
21 8 284 OH Louvain
56%
9 18 747 Zulte Waregem
55%
29 2 67 RWDM
54%
22 9 269 KAS Eupen
53%
11 18 726 KVC Westerlo
51%
8 21 789 KVV Saint-Trond
50%
13 17 675 Excelsior Mouscron/Royal Excel Mouscron
49%
20 9 300 RAEC Mons
48%
18 13 459 Lierse SK
47%
7 20 845 KSC Lokeren
45%
32 2 48 RFC Seraing
45%
28 2 68 FCV Dender EH
43%
17 17 513 KSK Beveren/Waasland Beveren
43%
30 2 66 Lommel SK
26%
5 25 1332 KAA La Gantoise
24%
35 1 27 AFC Tubize
18%
25 5 166 KSV Roeselare
13%
26 4 136 FC Molenbeek Brussels
12%
33 1 38 Heusden-Zolder
4%
31 2 63 KRC Harelbeke
4%
34 1 28 KFC Geel
3%
24 6 218 La Louvière Centre
2%
27 3 87 Eendracht Aalst
0%
Aucun quiz correspondant
Distribution des résultats
% des personnes avec chaque résultat
Percentile par nombre de réponses
Votre historique - résultats
Vous n’avez pas pris ce quiz